unicodeにある組文字 - Statistics

General Stats
  • This quiz has been taken 118 times
  • The average score is 32 of 90
Answer Stats
組文字 文字 % Correct
キロ
95%
ミリ
89%
センチ
88%
グラム
87%
メートル
87%
サンチーム
79%
リットル
79%
ドル
74%
デシ
71%
トン
70%
メガ
67%
ギガ
66%
ポンド
65%
ナノ
61%
マイクロ
61%
アンペア
60%
キログラム
57%
キロメートル
55%
アール
54%
ワット
52%
オーム
51%
ヘクタール
51%
インチ
50%
セント
50%
フラン
49%
ボルト
49%
ヤード
48%
ウォン
46%
フィート
44%
ペソ
44%
オンス
41%
ピコ
40%
株式会社
40%
マイル
39%
カロリー
38%
ルーブル
37%
ガロン
33%
ルピー
33%
ミリバール
32%
マルク
30%
エーカー
29%
ガンマ
29%
パーセント
29%
ヘルツ
29%
リラ
28%
カイリ
27%
シリング
26%
ダース
26%
ノット
26%
ペンス
26%
アルファ
24%
ベータ
24%
マンション
24%
ギニー
23%
カラット
22%
ミクロン
22%
アパート
21%
エスクード
21%
ギルダー
21%
クローネ
21%
コーポ
21%
キロワット
20%
ハイツ
20%
パーツ
20%
ページ
20%
イニング
18%
キュリー
18%
ビル
18%
バーレル
17%
ペニヒ
17%
ホーン
17%
グラムトン
16%
ホン
16%
マッハ
16%
レントゲン
16%
サイクル
15%
ホール
15%
メガトン
15%
ユアン
15%
ピクル
13%
クルゼイロ
12%
ケース
12%
ファラッド
12%
ブッシェル
12%
ポイント
12%
ヤール
12%
レム
12%
🈀 ほか
12%
コルナ
11%
ピアストル
10%
No matching quizzes found
Score Distribution
Percent of People with Each Score
Percentile by Number Answered
Your Score History
You have not taken this quiz